Black Sabbath Album Tracklist - Statistics

General Stats
  • This quiz has been taken 40 times
  • The average score is 5 of 7
Answer Stats
Hint Answer % Correct
1 Black Sabbath
100%
2 The Wizard
92%
4 N.I.B.
81%
5 Evil Woman
65%
6 Sleeping Village
65%
3 Behind The Wall of Sleep
62%
7 Warning
59%
No matching quizzes found
Score Distribution
Percent of People with Each Score
Percentile by Number Answered
Your Score History
You have not taken this quiz